书目信息 |
| 题名: |
中国可持续发展总纲
|
|
| 作者: | 路甬祥 总主编 ;成升魁 卷主编 | |
| 分册: | 第5卷 中国土地资源与可持续发展 | |
| 出版信息: | 北京 科学出版社 2007 |
|
| 页数: | 389,8页 | |
| 开本: | 31cm | |
| 丛书名: | ||
| 单 册: | ||
| 中图分类: | X22 , F323.211 | |
| 科图分类: | ||
| 主题词: | 可持续发展--研究--中国 , 土地资源--可持续发展--研究--中国 | |
| 电子资源: | ||
| ISBN: | 978-7-03-017583-0 | |
| 000 | 01405nam0 2200301 450 | |
| 001 | 012004126979 | |
| 005 | 20070805150511.92 | |
| 010 | @a978-7-03-017583-0@b精装@dCNY90.00 | |
| 100 | @a20070417d2007 em y0chiy0110 ea | |
| 101 | 0 | @achi |
| 102 | @aCN@b110000 | |
| 105 | @aaf z 000yy | |
| 106 | @ar | |
| 200 | 1 | @a中国可持续发展总纲@Azhong guo ke chi xu fa zhan zong gang@h第5卷@i中国土地资源与可持续发展@Izhong guo tu di zi yuan yu ke chi xu fa zhan@f路甬祥总主编@Flu yong xiang zong zhu bian@g成升魁[卷]主编@Gcheng sheng kui [ juan ] zhu bian |
| 210 | @a北京@c科学出版社@d2007 | |
| 215 | @a389,8页@c图@d31cm | |
| 300 | @a“十一五”国家重点图书出版规划项目 | |
| 304 | @aOverview of China's sustainable development@zeng | |
| 330 | @a全书分上、下两篇。上篇是中国土地资源与可持续发展总论,包括中国土地资源与可持续发展概论,耕地、园地、林地、草地、湿地(水域)、交通用地、居民点及工矿用地、未利用土地等土地资源8个一级类的利用与可持续发展等9章。下篇是区域分论,包括全国土地利用区划及12个分区土地利用与可持续发展分论等13章。 | |
| 517 | 1 | @a中国土地资源与可持续发展@Azhong guo tu di zi yuan yu ke chi xu fa zhan |
| 606 | 0 | @a可持续发展@x研究@y中国 |
| 606 | 0 | @a土地资源@x可持续发展@x研究@y中国 |
| 690 | @aX22@v4 | |
| 690 | @aF323.211@v4 | |
| 701 | 0 | @a路甬祥@Alu yong xiang@4总主编 |
| 702 | 0 | @a成升魁@Acheng sheng kui@4卷主编 |
| 801 | 0 | @aCN@b110019@c20070805 |
| 905 | @dX22@e113:5@f1 | |
| 中国可持续发展总纲.第5卷.中国土地资源与可持续发展/路甬祥总主编/成升魁[卷]主编.-北京:科学出版社,2007 |
| 389,8页:图;31cm |
| “十一五”国家重点图书出版规划项目 |
| ISBN 978-7-03-017583-0(精装):CNY90.00 |
| 全书分上、下两篇。上篇是中国土地资源与可持续发展总论,包括中国土地资源与可持续发展概论,耕地、园地、林地、草地、湿地(水域)、交通用地、居民点及工矿用地、未利用土地等土地资源8个一级类的利用与可持续发展等9章。下篇是区域分论,包括全国土地利用区划及12个分区土地利用与可持续发展分论等13章。 |
| ● |
| 相关链接 |
|
|
|
|
正题名:中国可持续发展总纲
索取号:X22/113:5
 
预约/预借
| 序号 | 登录号 | 条形码 | 馆藏地/架位号 | 状态 | 备注 |
| 1 | 0852946 | 208529467 | 第二样本阅览室/ [索取号:X22/113:5] | 在馆 |